Les séries TV américaines les plus longues - Statistiques

Statistiques générales
  • Ce quiz a été pris 32 fois
    9 depuis la dernière actualisation
  • Le résultat moyen est 5 sur 68
Statistiques - réponses
Durée Titre % Correct
2005 - en production Grey's Anatomy
78%
1978 - 1991 ; 2012 - 2014 Dallas
56%
1994 - 2004 Friends
56%
1989 - en production Les Simpson
44%
2003 - en production NCIS : enquêtes spéciales
33%
1994 - 2009 Urgences
33%
2000 - 2015 ; 2021 - 2024 Les Experts
22%
2002 - 2012 Les Experts : Miami
22%
2003 - 2015 Mon oncle Charlie
22%
2010 - 2022 The Walking Dead
22%
2005 - en production American Dad !
11%
1990 - 2000 Beverly Hills, 90210
11%
2012 - en production Chicago Fire
11%
1974 - 1984 Happy Days
11%
2010 - 2020 Hawaii Five-0
11%
1968 - 1980 Hawaï police d'État
11%
2009 - 2020 Modern Family
11%
2009 - 2023 NCIS - Los Angeles
11%
1993 - 2005 New York Police Blues
11%
2001 - 2010 ; 2026 - en cours Scrubs
11%
1997 - en production South Park
11%
2007 - 2019 The Big Bang Theory
11%
2001 - 2010 ; 2014 ; 2017 24 heures chrono
0%
2007 ; 2010 - 2018 Adventure Time
0%
1989 - 2001 Alerte à Malibu / Alerte à Hawaii
0%
2011 - en production American Horror Story
0%
2001 - 2015 ; 2022 - 2023 Aqua Teen Hunger Force
0%
1984 - 1996 Arabesque
0%
1993 - 1997 ; 2011 ; 2022 - en production Beavis et Butt-Head
0%
2013 - 2023 Blacklist
0%
2010 - 2024 Blue Bloods
0%
1999 - en production Bob l'éponge
0%
2011 - en production Bob's Burgers
0%
1959 - 1973 Bonanza
0%
2005 - 2017 Bones
0%
1982 - 1993 Cheers
0%
2015 - en production Chicago Med
0%
2014 - en production Chicago Police Department
0%
1979 - 1993 Côte Ouest
0%
2005 - 2020 ; 2022 - en production Esprits Criminels
0%
1993 - 2004 Frasier
0%
1955 - 1975 Gunsmoke
0%
2005 - en production It's Always Sunny in Philadelphia
0%
1995 - 2005 JAG
0%
1954 - 1971 Lassie
0%
2014 - en production Le cœur a ses raisons
0%
2013 - 2023 Les Goldberg
0%
1999 - 2002 ; 2005 - en production Les Griffin
0%
1997 - 2010 ; 2025 - en production Les Rois du Texas
0%
1953 - 1964 Make Room for Daddy / The Danny Thomas Show
0%
1987 - 1997 Mariés, deux enfants
0%
1972 - 1983 M*A*S*H
0%
1998 - 2017 Mes parrains sont magiques
0%
1960 - 1972 Mes trois fils
0%
1988 - 1998 ; 2018 Murphy Brown
0%
1988 - 1999 ; 2017 - 2018 ; 2022 Mystery Science Theater 3000
0%
1990 - 2010 ; 2022 - en production New York, Police Judiciaire
0%
1999 - en production New York, Unité Spéciale
0%
1988 -1997 ; 2018 - 2025 Roseanne / The Conners
0%
1996 - 2007 Sept à la maison
0%
2011 - 2021 Shameless
0%
2001 - 2011 Smallville
0%
1997 - 2007 Stargate SG-1
0%
2005 - 2020 Supernatural
0%
1952 -1966 The Adventures of Ozzie and Harriet
0%
1975 - 1985 The Jeffersons
0%
1998 - 2006 ; 2017 - 2020 Will et Grace
0%
1993 - 2002 ; 2016 - 2018 X-Files : Aux frontières du réel
0%
Aucun quiz correspondant
Distribution des résultats
% des personnes avec chaque résultat
Percentile par nombre de réponses
Votre historique - résultats
Vous n’avez pas pris ce quiz depuis la dernière actualisation